00326nam a2200133Ia 4500008004100000041000800041082000800049100001900057245003700076260003500113300000800148650001500156999002100171240109s9999 xx 000 0 und d aeng a820 aLorenz Patrica aThe 5 Things We Need to be Happy bJaico Publishing House,Mumbai  a227 aManagement c1036015d1036015